Evaristo Carriego /
Guardat en:
| Autor principal: | |
|---|---|
| Format: | Desconegut |
| Idioma: | Spanish |
| Publicat: |
Buenos Aires :
Emece,
1976.
|
| Matèries: | |
| Etiquetes: |
Afegir etiqueta
Sense etiquetes, Sigues el primer a etiquetar aquest registre!
|
MARC
| LEADER | 000000000a22000000004500 | ||
|---|---|---|---|
| 001 | 013094 | ||
| 041 | 0 | |a spa | |
| 082 | 0 | 4 | |a 861 |b B732e |
| 100 | 1 | |a Borges, Jorge Luis, |d 1899-1986 | |
| 245 | 1 | 0 | |a Evaristo Carriego / |c Jorge Luis Borges. |
| 260 | 1 | |a Buenos Aires : |b Emece, |c 1976. | |
| 300 | |a 175 páginas | ||
| 650 | 4 | |a CRITICA | |
| 650 | 4 | |a INTERPRETACION | |
| 650 | 4 | |a VIDA SOCIAL | |
| 650 | 4 | |a COSTUMBRES | |
| 500 | |a Colección George Yúdice | ||
| 999 | |c 19035 |d 19035 | ||
| 942 | |c BK |h 861 B732e |2 z | ||
